Morphologic Encyclopedia of Palynology (Record no. 365990)

MARC details
000 -LEADER
fixed length control field 003480000a22001450004500
060 ## - NATIONAL LIBRARY OF MEDICINE CALL NUMBER
Classification number 100
082 ## - DEWEY DECIMAL CLASSIFICATION NUMBER
Classification number 582.046303 KRE
100 ## - MAIN ENTRY--PERSONAL NAME
Personal name Kremp, Gerhard O.W.
245 ## - TITLE STATEMENT
Title Morphologic Encyclopedia of Palynology
260 ## - PUBLICATION, DISTRIBUTION, ETC. (IMPRINT)
Place of publication, distribution, etc. Tueson, University of Arizona
260 ## - PUBLICATION, DISTRIBUTION, ETC. (IMPRINT)
Date of publication, distribution, etc. 1965
300 ## - PHYSICAL DESCRIPTION
Extent 263
650 ## - SUBJECT ADDED ENTRY--TOPICAL TERM
Topical term or geographic name as entry element Palynology - Encyclopaedia
942 ## - ADDED ENTRY ELEMENTS (KOHA)
Koha item type Books (General)
Holdings
Withdrawn status Lost status Source of classification or shelving scheme Damaged status Not for loan Collection code Home library Current library Shelving location Date acquired Total Checkouts Full call number Barcode Date last seen Price effective from Koha item type
    Dewey Decimal Classification     Reference Book College of Agriculture, Vellayani College of Agriculture, Vellayani Reference 02/05/2014   582.046303 KRE KAU_COAV-8053 02/05/2014 02/05/2014 Reference Book
Kerala Agricultural University Central Library
Thrissur-(Dt.), Kerala Pin:- 680656, India
Ph : (+91)(487) 2372219
E-mail: librarian@kau.in
Website: http://library.kau.in/